| 000 | 00933nam a22002897a 4500 | ||
|---|---|---|---|
| 005 | 20141208145334.0 | ||
| 006 | m||||f ||z 00| 0 | ||
| 008 | 141208b xxu||||| |||| 00| 0 eng d | ||
| 020 | _a9780071311212 | ||
| 020 | _a0071311211 | ||
| 040 | _aEG-ScBUE | ||
| 082 | 0 | 0 |
_222 _a620.106 _bWHI |
| 100 | 1 |
_aWhite, Frank M. _918830 |
|
| 245 | 1 | 0 |
_aFluid mechanics / _c Frank M. White ; adapted by Chiu-On Ng, Saroj Saimek. |
| 250 |
_a7th ed., _bSI Units. |
||
| 260 |
_aNew York, United States : _bMcGraw-Hill, _cc.2011 _e(Singapore) |
||
| 300 |
_axv, 878 p. : _bill. ; _c23 cm. _eCD-ROM (4 3/4 in.) |
||
| 500 | _aIncludes appendixes. | ||
| 500 | _aIndex : p. 863-878. | ||
| 504 | _aIncludes bibliographical references. | ||
| 650 | 0 |
_95179 _aFluid mechanics |
|
| 653 |
_bENGCHE _cDecember2014 |
||
| 655 |
_vreading book _934232 |
||
| 700 | 1 |
_aNg, Chiu-On _936823 |
|
| 700 | 1 |
_936825 _aSaimek, Saroj |
|
| 942 |
_2ddc _k620.106 WHI |
||
| 999 |
_c18733 _d18705 |
||